000 00696nam a2200241Ia 4500
003 OSt
005 20220927105456.0
006 a|||||r|||| 00| 0
007 ta
008 220926b |||||||| |||| 00| 0 eng d
024 _a186792
037 _cReference Collections
040 _aRTL
_cRTL
_beng
041 _2eng
_aeng
082 _a"V1N45,95:3.N54r, J4/UN"
110 _aUNITED NATIONS
245 0 _aAnnual report of the secretary-general ont the work of the organization.
260 _aNew
_bYork UN
_c1954
300 _a"xv,120p."
_ccm.
700 _aUNITED NATIONS
942 _h"V1N45,95:3.N54r, J4/UN"
_cCC
999 _c692733
_d692733